| 000 | 00000nas 2200000zi 4500 |
| 001 | 9.503718 |
| 003 | CaOODSP |
| 005 | 20251008121123 |
| 006 | m o d f |
| 007 | cr cn||||||||| |
| 008 | 150406d19962005oncar p o||||f0 b0fre|d |
| 022 | |a1700-5841 |
| 040 | |aCaOODSP|bfre|erda|cCaOODSP |
| 043 | |an-cn--- |
| 086 | 1 |aIu77-1/2F-PDF |
| 110 | 1 |aCanada. |bBureau du conseiller en éthique. |
| 210 | 0 |aCode déontol. lobby. rapp. annu. |b(En ligne) |
| 222 | 0|aCode de déontologie des lobbyistes, rapport annuel |b(En ligne) |
| 240 | 10|aCode de déontologie des lobbyistes, rapport annuel pour l'exercice ... (En ligne) |
| 245 | 10|aCode de déontologie des lobbyistes, rapport annuel pour l'exercice terminé … |
| 246 | 1 |iCertaines livr. comportent le titre: |aCode de déontologie des lobbyistes, rapport annuel |
| 264 | 1|aOttawa : |bBureau du conseiller en éthique, Industrie Canada, |c[1996-2005] |
| 310 | |aAnnuel |
| 336 | |atexte|btxt|2rdacontent/fre |
| 337 | |ainformatique|bc|2rdamedia/fre |
| 338 | |aressource en ligne|bcr|2rdacarrier/fre |
| 362 | 1 |aParaît depuis : 1996; ne paraît plus après : 2005. |
| 500 | |aLa 1re livr. comprend du lettre du conseiller en éthique seulement. |
| 500 | |aPublié aussi en anglais sous le titre : Lobbyists Code of Conduct annual report. |
| 500 | |aÉdition numérisée de l'imprimé [par Innovation, Sciences et Développement économique Canada]. |
| 515 | |aL'année d'activité se termine le 31 mars. |
| 530 | |aÉgalement publié en version imprimée. |
| 588 | |aDescription d'après : 1997. |
| 588 | |aDernière livraison consultée : 2004. |
| 610 | 16|aCanada. |bBureau du conseiller en éthique |vPériodiques. |
| 650 | 6|aLobbyistes|xDéontologie|zCanada|vPériodiques. |
| 650 | 6|aLobbying|zCanada|vPériodiques. |
| 775 | 08|tLobbyists' Code of Conduct, annual report for the year ended ...|w(CaOODSP)9.507329 |